Tennistavolo - Statistics

Statistiche generali
  • Questo quiz è stato fatto 27 volte
  • Il punteggio medio è 12 su 20
Statistiche sulle risposte
Domanda Risposta % Corretto
Nome generico del tennistavolo. Ping pong
100%
Numero di giocatori in una partita di doppio. 4
96%
Colpo fondamentale assieme al diritto. Rovescio
96%
Materiale di cui sono fatte le attuali palline. Plastica/PVC/ABS
83%
Divide il tavolo in due metà uguali in lunghezza. Rete
83%
Colpo detto "smash" in inglese. Schiacciata
83%
La nazione più forte al mondo nel tennistavolo. Cina
78%
Servizio che tocca la rete ed è quindi da ripetere. Net
78%
Punti da raggiungere per vincere un set. 11
74%
Quella tipica orientale è detta "a penna". Impugnatura
70%
Paese in cui nacque il tennistavolo come gioco di svago nei saloni dell'alta società. Inghilterra
61%
Regione italiana con più atleti tesserati al tennistavolo. Lombardia
57%
Il tennistavolo non fa bene solo al fisico, ma anche e soprattutto alla... Mente
57%
Da quell'anno il tennistavolo è una disciplina olimpica. 1988
52%
Comune marittimo romagnolo che da diversi anni ospita i Campionati Nazionali di Tennistavolo per la maggior parte degli atleti agonisti italiani. Riccione
43%
La racchetta ne ha una per lato che può essere liscia o puntinata e di diversi colori. Gomma
39%
La Federazione Internazionale di Tennistavolo. ITTF
39%
Antico sport, tipico francese, da cui derivano il tennis e il tennistavolo. Pallacorda
30%
Personaggio cinematografico che diventa un asso del tennistavolo durante la guerra del Vietnam. Forrest Gump
17%
Cantautore che cantava "Ping pong", canzone dalla sagace satira politico-sociale. Rino Gaetano
9%
Nessun quiz corrispondente trovato
Distribuzione punteggi
Percentuale di utenti per punteggio
Percentile per numero di risposta
I tuoi punteggi nel tempo
Non hai fatto questo quiz